The Physical Therapist's Business Practice and Legal Guide : (Record no. 619860)

MARC details
000 -LEADER
fixed length control field 00539nam a2200193 a 4500
008 - FIXED-LENGTH DATA ELEMENTS--GENERAL INFORMATION
fixed length control field 260424s2008##################000#0#eng##
020 ## - INTERNATIONAL STANDARD BOOK NUMBER
ISBN 9780763740696
082 04 - DEWEY DECIMAL CLASSIFICATION NUMBER
Classification number 344.73041NIC
100 1# - MAIN ENTRY--AUTHOR NAME
Personal name Nicholson, Sheila K.,
245 10 - TITLE STATEMENT
Title The Physical Therapist's Business Practice and Legal Guide :
260 ## - PUBLICATION, DISTRIBUTION, ETC. (IMPRINT)
Name of publisher Jones & Bartlett Learning,
Year of publication 2008.
300 ## - PHYSICAL DESCRIPTION
Number of Pages 420 pages
650 #0 - SUBJECT ADDED ENTRY--TOPICAL TERM
Topical Term Law.
942 ## - ADDED ENTRY ELEMENTS (KOHA)
Koha item type English Books
Holdings
Withdrawn status Lost status Damaged status Not for loan Home library Current library Date acquired Full call number Accession Number Price effective from Koha item type
        Anna Centenary Library Anna Centenary Library 24.04.2026 344.73041NIC 398742 24.04.2026 English Books

Find us on the map